00877cam a2200289 i 450000100090000000300050000900500170001400800410003101000170007202000180008902500230010703700610013004000230019104200150021404300120022905000230024108200200026410000180028424500610030224600350036326000370039830000220043550000080045750200060046560000370047171000790050818262022NUST20180116125344.0140811s2013 pk 000 0 eng  a 2014323739 a9789698535186 aP-E-2014323739; 31 bLibrary of Congress -- Islamabad Overseas OfficecRs 400 aDLCbengcDLCerda alcodeapcc aa-pk---00aDS385.J5bB43 2014 a954.9042092 BAZ1 aBazmi, Aslam,10aOur Quaid :bas resmembered and reported /cAslam Bazmi.13aOur leader Mohammad Ali Jinnah bNUST publishingc2014aIslamabad axiv, 166p.c23 cm aH.B a010aJinnah, Mahomed Ali,d1876-1948.2 aNational University of Sciences and Technology (Islāmābād, Pakistan)